[Event "IECC Swiss email"]
[Site "IECC email"]
[Date "1998.11.27"]
[Round "2"]
[White "Van Soest, Machiel"]
[Black "Pardinho, Alberto Munhiz"]
[Result "1-0"]
[WhiteElo "1894"]
[BlackElo "1849"]
[PlyCount "45"]
[EventDate "1998.??.??"]
[EventType "tourn (corr)"]
[EventRounds "6"]
[SourceTitle "Corr 2008"]
[Source "ChessBase"]
[SourceDate "2008.06.24"]
[SourceVersion "1"]
[SourceVersionDate "2008.06.24"]
[SourceQuality "1"]

1. e4 c5 2. Nf3 d6 3. d4 cxd4 4. Nxd4 Nf6 5. Nc3 g6 6. f4 Nc6 7. Be3 Bg7 8. Be2 0-0 9. 0-0 Qb6 10. Qd3 Ng4 11. Nxc6 Qxc6 12. Bd4 e5 13. Nd5 Re8 14. Bc3 Qc5+ 15. Kh1 Nf2+ 16. Rxf2 Qxf2 17. Nc7 Be6 18. Nxa8 Rxa8 19. Rf1 Qc5 20. f5 gxf5 21. exf5 Bxa2 22. f6 Bh8 23. Bd2 1-0